| 000 | 01745aam a2200457 i 4500 | ||
|---|---|---|---|
| 001 | vtls000774339 | ||
| 003 | PNM | ||
| 005 | 20210119163123.0 | ||
| 008 | 150612t20142014my a g d 000 0 may | ||
| 015 | _aM15-06763 | ||
| 015 | _aM15-08586 | ||
| 020 |
_a9789830109800 _qpaperback _cRM72.00 |
||
| 020 |
_a9789830109817 _qhardback _cRM82.00 |
||
| 039 | 9 |
_a201512041608 _bhabirah _c201512040922 _dpbn _c201511161424 _dhabirah _c201511161422 _dhabirah |
|
| 040 |
_aBNM _beng _cBNM _erda _dPPAK |
||
| 041 | 0 |
_amay _achi _aeng |
|
| 049 | _amal | ||
| 082 | 0 | 4 |
_a413.9923 _223 |
| 090 | 0 | 0 |
_a413.9923 _bLAI _dR |
| 100 | 1 |
_aLai, Choy, _d1941- _ecompiler. |
|
| 245 | 1 | 0 |
_6880-01 _aKamus KEMBANGAN : _bBahasa Malaysia • Bahasa Cina • Bahasa Inggeris = Quan xin jing bian Ma Hua ying da ci dian / _cPenyusun Lai Choy |
| 246 | 3 | 1 |
_6880-02 _aQuan xin jing bian Ma Hua ying da ci dian |
| 250 | _aEdisi Kedua | ||
| 264 | 1 |
_aSeri Kembangan, Selangor : _bUNITED PUBLISHING HOUSE (M) SDN. BHD., _c[2014] |
|
| 264 | 4 | _c©2014 | |
| 300 |
_axix, 2018 pages : _billustrations ; _c22 cm |
||
| 336 |
_atext _2rdacontent |
||
| 337 |
_aunmediated _2rdamedia |
||
| 338 |
_avolume _2rdacarrier |
||
| 546 | _aParallel bahasa Malaysia, Chinese and English text | ||
| 650 | 1 | 0 |
_aMalay language _vDictionaries _xPolyglot. |
| 650 | 2 | 0 |
_aChinese language _vDictionaries _xPolyglot. |
| 650 | 2 | 0 |
_aEnglish language _vDictionaries _xPolyglot. |
| 880 | 1 | 0 |
_6245-01 /$1 _aKamus KEMBANGAN : _bBahasa Malaysia • Bahasa Cina • Bahasa Inggeris = 全新精编马华英大词典 / _cPenyusun Lai Choy |
| 880 | 3 | 1 |
_6246-02/$1 _a全新精编马华英大词典 |
| 942 |
_2ddc _cB |
||
| 949 | _62000068744 | ||
| 949 | _62000068743 | ||
| 949 | _62000075093 | ||
| 949 | _62000075094 | ||
| 999 |
_c181372 _d181372 |
||